000 00465nam a22001817a 4500
005 20251108172342.0
008 250721s1980 xx 000 0 eng d
082 1 4 _a531/MOR
100 1 _aMorrison, J. L. M.
245 1 3 _aAn introduction to the mechanics of machines :
_bS I Units /
250 _a2nd ed.
264 1 _aLondon :
_bLongman,
_c1980.
300 _a461p.
650 1 7 _aMechanics
700 1 _aCrossland, B.
942 _2ddc
_cBK
999 _c77008
_d77008